Vista normal
Vista MARC
Entrada Materia (personas)
Número de registros utilizados en: 1
001 - CONTROL NUMBER
- control field: 62286
003 - CONTROL NUMBER IDENTIFIER
- control field: Co-BoUCM
005 - DATE AND TIME OF LATEST TRANSACTION
- control field: 20140606150331.0
008 - FIXED-LENGTH DATA ELEMENTS
- fixed length control field: 140606|| aca||aabn | a|a d
040 ## - CATALOGING SOURCE
- Original cataloging agency: Co-BoUCM
- Transcribing agency: Co-BoUCM
100 ## - HEADING--PERSONAL NAME
- Personal name: Borsati, Francesco
- Dates associated with a name: active 16th century-17th century.
670 ## - SOURCE DATA FOUND
- Source citation: Work cat.: (Co-BoUCM)273524: Justiniano I Emperador de Oriente 483-565 41820, Corpus Iuris Civilis Iustinianei., 1612